Bruno Mars, Anderson .Paak & Silk Sonic - Leave the Door Open - Statistics

General Stats
  • This quiz has been taken 100 times
  • The average score is 351 of 440
Answer Stats
Lyric % Correct
yo
98%
you
98%
(You
98%
you,
98%
a
97%
I
97%
door
95%
I'm
95%
I'ma
95%
(I'ma
95%
leave
95%
open
95%
open)
95%
open,
95%
the
95%
What
95%
(What
95%
got
92%
Ooh,
92%
Ooh
92%
that
92%
That
92%
Where
92%
(Where
92%
doing?
90%
doing?)
90%
Oh,
90%
To
90%
to
90%
be
89%
if
89%
If
89%
(If
89%
In
89%
in
89%
in,
89%
Don't
87%
don't
87%
like
87%
like)
87%
plans?
87%
plans?)
87%
Say
87%
say
87%
So
87%
so
87%
(So
87%
at?
86%
at?)
86%
me
86%
(Sip,
86%
sip)
86%
baby,
84%
baby
84%
coming
84%
girl
84%
girl,
84%
Girl,
84%
girl)
84%
La (x11)
84%
La (x12)
84%
La (x7)
84%
no
84%
We
84%
we
84%
alone
83%
look
83%
(Look
83%
clean
81%
clean)
81%
good
81%
good)
81%
My
81%
my
81%
playing
81%
sipping
81%
too
81%
warm
81%
warm)
81%
Every
79%
from
79%
games
79%
heart
79%
house
79%
(House
79%
lay
79%
pool
79%
(Pool
79%
(Smooth
79%
through
79%
through,
79%
through)
79%
wine
79%
you're
79%
And
78%
is
78%
Just
78%
just
78%
straight
78%
these
78%
arms
76%
arms)
76%
dancing,
76%
newborn)
76%
romancing,
76%
Tell
76%
(Tell
76%
ain't
75%
word
75%
robe
73%
should
73%
tryna
73%
want
73%
feel
71%
shaved
71%
this
71%
way
70%
happening?
68%
hungry,
68%
won't
68%
smoke
67%
smoke?)
67%
sweet
67%
sweet)
67%
Unless
67%
(Unless
67%
what's
67%
bite
65%
love
65%
west
65%
wing
65%
east
63%
keep
63%
(waiting)
63%
waiting
63%
waiting,
63%
hoping)
62%
hoping
62%
Hoping
62%
kissing
62%
mansion,
62%
tonight,
60%
could
59%
of
59%
(Shut
59%
Cuddling
57%
(Drip,
57%
drip)
57%
making
57%
much
57%
Rose
57%
talking
57%
tight
57%
tight)
57%
it's
56%
haze
52%
haze)
52%
There's
51%
jump
49%
petals
49%
trap)
49%
bathtub
48%
let's
48%
(Uh
48%
bubbling
44%
need
44%
Come
43%
for
40%
see
38%
on
37%
Ah
35%
(Purple
35%
filets
33%
Hey,
33%
hey
33%
(Woo
30%
woo
30%
Woo (x18)
30%
give
29%
here
29%
hoo)
24%
huh)
24%
I'll
24%
(C'mon
21%
know)
21%
over,
21%
adore
19%
(Gotta
13%
No matching quizzes found
Score Distribution
Percent of People with Each Score
Percentile by Number Answered
Your Score History
You have not taken this quiz